Größte Städte von Baden-Württemberg - Statistiken

Allgemein
  • Dieses Quiz wurde 222 mal gespielt
    201 seit der letzten Aktualisierung
  • Das Durchschnittsergebnis liegt bei 11 aus 15
Antwortstatistiken
Hint Antwort % Korrekt
630 Tsd. Stuttgart
100%
230 Tsd. Freiburg
95%
308 Tsd. Karlsruhe
94%
309 Tsd. Mannheim
94%
126 Tsd. Ulm
88%
158 Tsd. Heidelberg
86%
126 Tsd. Heilbronn
77%
84 Tsd. Konstanz
76%
125 Tsd. Pforzheim
74%
116 Tsd. Reutlingen
73%
91 Tsd. Tübingen
69%
92 Tsd. Ludwigsburg
64%
93 Tsd. Esslingen
61%
85 Tsd. Villingen-Schwenningen
44%
68 Tsd. Aalen
39%
Keine übereinstimmenden Quizze gefunden
Verteilung der Resultate
Anzahl Personen mit jedem Resultat
Perzentil nach korrekt beantworteten Fragen
Ihre Resultats-Entwicklung
Sie haben dieses Quiz seit der letzten Aktualisierung nicht gespielt